000 00842nam a2200241 a 4500
001 47638
003 BD-RjUL
005 20211209054345.0
008 160809s1990 bg ||||| |||| 00| 0 ben d
020 _c: Tk. 100.00
035 _a(BD-RjUL)47757
040 _aBD-RjUL
_bben
_cBD-RjUL
041 _aben
082 _223
_a533.28
_bKHS 1990
100 1 _aখলিল, ফররুখ
_9123297
245 1 _aসংনম্য প্রবাহ /
_cফররুখ খলিল
260 _aঢাকা :
_bবাংলা একাডেমী,
_c১৯৯০
300 _a খণ্ড :
_b চিত্র ;
_c২২ সেমি.
505 _a খণ্ড ২ -- খণ্ড ১ --
650 _aপ্রবাহ বৈশিষ্ট্য
_9144769
650 _aFlow properties. (Gas dynamics)
_9144770
942 _2ddc
_cBK
999 _c47638
_d47638